Trasa Autobusu 119 Warszawa - Statystyki

Ogólne statystyki
  • Ten quiz został rozwiązany 11 razy
  • Średni wynik to 25 z 43
Statystyki odpowiedzi
Ulice Przystanki % Poprawnych
Aleja Dzieci Polskich Centrum Zdrowia Dziecka
100%
Aleja Dzieci Polskich Trzykrotki
100%
Aleja Dzieci Polskich Wiśniowa Góra
100%
Żegańska Bursztynowa-Szpital
83%
Zwoleńska PKP Międzylesie
83%
Żegańska Pożaryskiego
83%
Żegańska Wawer-Ratusz
83%
Aleja Wincentego Witosa Aleja Witosa
67%
Bethoveena Bethoveena
67%
Żegańska Bielszowicka
67%
Bobrowiecka Bobrowiecka
67%
Wał Miedzeszyński Bronowska
67%
Bobrowiecka Kierbedzia
67%
Aleja Józefa Becka Małe Siekierki
67%
Most Siekierkowski Most Siekierkowski
67%
Lucerny PKP Anin
67%
Mrówcza PKP Międzylesie
67%
Aleja Józefa Becka Siekierki-Sanktuarium
67%
Trakt Lubelski Trakt Lubelski-Las
67%
Dolna Dolna
50%
Madalińskiego Dworkowa
50%
Wał Miedzeszyński Kadetów
50%
Wał Miedzeszyński Kanał Nowe Ujście
50%
Trakt Lubelski Kombajnistów
50%
Trakt Lubelski Lucerny
50%
Aleja Niepodległości Madalińskiego
50%
Aleja Niepodległości Metro Pole Mokotowskie
50%
Puławska Morskie Oko
50%
Wał Miedzeszyński Narodowa
50%
Aleja Józefa Becka Ogrody Działkowe Czerniaków
50%
Lucerny Pielęgniarek
50%
Lucerny Pomiechowska
50%
Rakowiecka Rakowiecka-Sanktuarium
50%
Stefana Batorego Stefana Batorego
50%
Chełmska Zakrzewska
50%
Chełmska Chełmska
33%
Dolna Konduktorska
33%
Trakt Lubelski Lebiodowa
33%
Madalińskiego Madalińskiego-Szpital
33%
Mrówcza Piechurów
33%
Stefana Batorego Św. Andrzeja Boboli
33%
Bronowska Wodniaków
33%
Wał Miedzeszyński Wojsławicka
33%
Nie znaleziono quizów pasujących do podanych kryteriów
Rozkład punktacji
Procent ludzi z każdym wynikiem
Percentyl według liczby udzielonych odpowiedzi
Twoja historia wyników
Nie rozwiązałeś tego quizu